Tepli Osham Almanax (Record no. 728846)

MARC details
000 -LEADER
fixed length control field 00622nam a2200241Ia 4500
003 - CONTROL NUMBER IDENTIFIER
control field OSt
005 - DATE AND TIME OF LATEST TRANSACTION
control field 20220928104952.0
008 - FIXED-LENGTH DATA ELEMENTS--GENERAL INFORMATION
fixed length control field 220927b |||||||| |||| 00| 0 eng d
037 ## - SOURCE OF ACQUISITION
Terms of availability Textual
040 ## - CATALOGING SOURCE
Original cataloging agency SDCL
Transcribing agency SDCL
Language of cataloging eng
041 ## - LANGUAGE CODE
Source of code eng
Language code of text/sound track or separate title eng
100 ## - MAIN ENTRY--PERSONAL NAME
Personal name Bedavin M Ya Ed.
9 (RLIN) 413092
245 #0 - TITLE STATEMENT
Title Tepli Osham Almanax
260 ## - PUBLICATION, DISTRIBUTION, ETC.
Place of publication, distribution, etc. Moscow
Name of publisher, distributor, etc. Tepli Stan
Date of publication, distribution, etc. 1992
300 ## - PHYSICAL DESCRIPTION
Extent 320p
Dimensions cm.
650 ## - SUBJECT ADDED ENTRY--TOPICAL TERM
Topical term or geographic name entry element Literature Russian
9 (RLIN) 413093
942 ## - ADDED ENTRY ELEMENTS (KOHA)
Classification part O142x, N2
Koha item type Textual
Source of classification or shelving scheme Colon Classification (CC)
Holdings
Withdrawn status Lost status Damaged status Not for loan Home library Current library Date acquired Total Checkouts Full call number Barcode Date last seen Price effective from Koha item type
        South Campus Library South Campus Library 2022-09-28   O142x N2 SC0018935 2022-09-28 2022-09-28 Textual
Copyright @ Delhi University Library System